[Event "HUN-chT U18"]
[Site "Budapest"]
[Date "2015.08.26"]
[Round "1.28"]
[White "Szakasics, Emese"]
[Black "Wanger, Tamas"]
[Result "0-1"]
[WhiteElo "1686"]
[BlackElo "2049"]
[PlyCount "66"]
[EventDate "2015.08.26"]
[EventType "team-swiss"]
[EventRounds "8"]
[EventCountry "HUN"]
[SourceTitle "EXT 2016"]
[Source "ChessBase"]
[SourceDate "2015.10.08"]
[SourceVersion "1"]
[SourceVersionDate "2015.10.08"]
[SourceQuality "1"]

1. e4 e6 2. d4 d5 3. Nd2 c5 4. c3 Nc6 5. Ngf3 cxd4 6. cxd4 Nf6 7. e5 Ne4 8. Bd3 Bb4 9. 0-0 Nxd2 10. Bxd2 Qe7 11. Bf4 Bd7 12. Rc1 Ba5 13. a3 Bb6 14. Bb1 h6 15. h4 0-0-0 16. Re1 Kb8 17. Ba2 Ka8 18. Qd3 Rdg8 19. Qd2 Bd8 20. g3 g5 21. hxg5 hxg5 22. Bxg5 Rxg5 23. Qxg5 Qxg5 24. Nxg5 Bxg5 25. f4 Bd8 26. Red1 Bb6 27. Kg2 Kb8 28. f5 Nxd4 29. fxe6 Bxe6 30. Rc3 Bh3+ 31. Kf2 Nb5+ 32. Re3 Bxe3+ 33. Kxe3 Nc7 0-1

[Event "World ol U16"]
[Site "Gyor"]
[Date "2014.12.18"]
[Round "6.4"]
[White "Szakasics, Emese"]
[Black "Choi, Hyunhyo"]
[Result "1/2-1/2"]
[WhiteElo "1670"]
[BlackElo "1399"]
[PlyCount "60"]
[EventDate "2014.12.13"]
[EventType "team-swiss"]
[EventRounds "10"]
[EventCountry "HUN"]
[SourceTitle "EXT 2016"]
[Source "ChessBase"]
[SourceDate "2015.10.08"]
[SourceVersion "1"]
[SourceVersionDate "2015.10.08"]
[SourceQuality "1"]
[WhiteTeam "Transdanubium West II"]
[BlackTeam "South Korea"]
[WhiteTeamCountry "HUN"]
[BlackTeamCountry "KOR"]

1. e4 e5 2. Nf3 Nc6 3. Bc4 Nf6 4. d3 Bc5 5. c3 a5 6. a4 0-0 7. Nbd2 h6 8. 0-0 d6 9. h3 Be6 10. Re1 d5 11. exd5 Nxd5 12. Nxe5 Nxe5 13. Rxe5 c6 14. d4 Bd6 15. Re1 Re8 16. Ne4 Nxc3 17. bxc3 Bxc4 18. Nxd6 Qxd6 19. Ba3 Qd7 20. Qc2 b5 21. Bc5 Qd5 22. Rxe8+ Rxe8 23. axb5 Bxb5 24. Rxa5 Qe4 25. Qa2 Qe1+ 26. Kh2 Qxc3 27. Ra3 Qc4 28. Qa1 Qe2 29. Ra2 Qc4 30. Qb2 Qd5 1/2-1/2

[Event "World ol U16"]
[Site "Gyor"]
[Date "2014.12.16"]
[Round "5.4"]
[White "Sucikova, Svetlana"]
[Black "Szakasics, Emese"]
[Result "1-0"]
[WhiteElo "1985"]
[BlackElo "1670"]
[PlyCount "89"]
[EventDate "2014.12.13"]
[EventType "team-swiss"]
[EventRounds "10"]
[EventCountry "HUN"]
[SourceTitle "EXT 2016"]
[Source "ChessBase"]
[SourceDate "2015.10.08"]
[SourceVersion "1"]
[SourceVersionDate "2015.10.08"]
[SourceQuality "1"]
[WhiteTeam "Slovakia"]
[BlackTeam "Transdanubium West II"]
[WhiteTeamCountry "SVK"]
[BlackTeamCountry "HUN"]

1. c4 e5 2. Nc3 Nf6 3. g3 Nc6 4. Bg2 Bc5 5. e3 d5 6. Nxd5 Nxd5 7. cxd5 Nb4 8. Qb3 c6 9. a3 Nxd5 10. Ne2 0-0 11. 0-0 Re8 12. Rd1 Bb6 13. Qc2 Qf6 14. d3 Bg4 15. Re1 Rad8 16. Nc3 Nxc3 17. bxc3 Bf5 18. e4 Bg4 19. Be3 Ba5 20. f3 Bh5 21. Red1 Qe6 22. Rab1 b6 23. Rbc1 c5 24. Qa4 Rd6 25. Bxc5 Rc6 26. Bb4 Bxb4 27. axb4 Rc7 28. d4 Rd8 29. dxe5 Rxd1+ 30. Rxd1 h6 31. Qc2 Bg6 32. Qd3 Rc8 33. f4 Qb3 34. Rc1 Bh5 35. h3 a5 36. bxa5 bxa5 37. g4 Bg6 38. f5 Bh7 39. Rb1 Qa3 40. Rd1 Qc5+ 41. Qd4 Qc7 42. Qd6 Qa7+ 43. Kh1 g6 44. f6 Qa8 45. e6 1-0

[Event "HUN-chT2 Szechenyi 1314"]
[Site "Hungary"]
[Date "2014.02.09"]
[Round "6.10"]
[White "Szakasics, Emese"]
[Black "Toth, Daniel3333"]
[Result "0-1"]
[WhiteElo "1664"]
[BlackElo "1838"]
[PlyCount "118"]
[EventDate "2013.09.08"]
[EventType "team-tourn"]
[EventRounds "11"]
[EventCountry "HUN"]
[SourceTitle "EXT 2016"]
[Source "ChessBase"]
[SourceDate "2015.10.08"]
[SourceVersion "1"]
[SourceVersionDate "2015.10.08"]
[SourceQuality "1"]
[WhiteTeam "Szombathely Haladas III"]
[BlackTeam "Keszthely Spartacus"]
[WhiteTeamCountry "HUN"]
[BlackTeamCountry "HUN"]

1. e4 Nf6 2. e5 Nd5 3. d4 d6 4. exd6 Qxd6 5. c4 Nf6 6. Nf3 Bg4 7. Be2 e6 8. Nc3 a6 9. 0-0 Be7 10. c5 Qd8 11. Be3 Nc6 12. Qa4 0-0 13. Rad1 Nd5 14. Nxd5 Qxd5 15. Bf4 Rac8 16. Rfe1 Rfd8 17. Be3 Bf6 18. h3 Bh5 19. Bc4 Qd7 20. g4 Ne5 21. Qxd7 Nxf3+ 22. Kg2 Nxe1+ 23. Rxe1 Rxd7 24. gxh5 Bxd4 25. c6 bxc6 26. Bxa6 Rcd8 27. b3 c5 28. Bc4 Kf8 29. a4 e5 30. Bc1 c6 31. Ba3 Ke7 32. a5 Kd6 33. a6 f5 34. Bc1 g6 35. hxg6 hxg6 36. Bg5 Rb8 37. Re2 Kc7 38. Ra2 Kb6 39. Bd2 Ka7 40. Ba5 e4 41. Re2 Re7 42. Bd2 Rh7 43. Bg5 Rf8 44. f3 exf3+ 45. Kxf3 Rxh3+ 46. Kg2 Rh7 47. Kg3 Bf6 48. Bf4 Rd8 49. Re6 Bh4+ 50. Kf3 g5 51. Be3 Kb6 52. Re5 g4+ 53. Kg2 f4 54. Bxc5+ Kc7 55. Bb4 f3+ 56. Kg1 Rd1+ 57. Bf1 Bg3 58. Ba5+ Kd6 59. Re8 Rh1+ 0-1

[Event "HUN-chT2 Szechenyi 1314"]
[Site "Hungary"]
[Date "2013.11.17"]
[Round "5"]
[White "Szakasics, Emese"]
[Black "Bakos, Nandor"]
[Result "1/2-1/2"]
[WhiteElo "1664"]
[BlackElo "1892"]
[PlyCount "39"]
[EventDate "2013.09.08"]
[EventType "team-tourn"]
[EventRounds "11"]
[EventCountry "HUN"]
[SourceTitle "EXT 2016"]
[Source "ChessBase"]
[SourceDate "2015.10.08"]
[SourceVersion "1"]
[SourceVersionDate "2015.10.08"]
[SourceQuality "1"]
[WhiteTeam "Szombathely Haladas III"]
[BlackTeam "Tapolca II"]
[WhiteTeamCountry "HUN"]
[BlackTeamCountry "HUN"]

1. e4 e5 2. Nf3 Nc6 3. Bc4 Nf6 4. d3 h6 5. 0-0 Be7 6. c3 0-0 7. Re1 d6 8. h3 Be6 9. Bb3 Na5 10. Bc2 c5 11. Nbd2 Qc7 12. Nf1 Nc6 13. Ng3 d5 14. Ba4 Nd7 15. exd5 Bxd5 16. Nf5 Bf6 17. N3h4 Ne7 18. Qh5 Bc6 19. Bb3 Bxh4 20. Nxh4 1/2-1/2

[Event "HUN-chT2 Szechenyi 1314"]
[Site "Hungary"]
[Date "2013.09.22"]
[Round "2.7"]
[White "Szakasics, Emese"]
[Black "Mihalyfi, Gabor"]
[Result "0-1"]
[WhiteElo "1664"]
[BlackElo "2014"]
[PlyCount "94"]
[EventDate "2013.09.08"]
[EventType "team-tourn"]
[EventRounds "11"]
[EventCountry "HUN"]
[SourceTitle "EXT 2016"]
[Source "ChessBase"]
[SourceDate "2015.10.08"]
[SourceVersion "1"]
[SourceVersionDate "2015.10.08"]
[SourceQuality "1"]
[WhiteTeam "Szombathely Haladas III"]
[BlackTeam "Ajka Banyasz"]
[WhiteTeamCountry "HUN"]
[BlackTeamCountry "HUN"]

1. e4 c5 2. Nf3 Nc6 3. d4 cxd4 4. Nxd4 Nf6 5. Nc3 a6 6. Be2 d6 7. 0-0 g6 8. Be3 Bg7 9. Qd2 Nxd4 10. Bxd4 0-0 11. Rad1 b5 12. Bf3 Bb7 13. Qe3 Nd7 14. Nd5 Bxd4 15. Qxd4 Bxd5 16. Qxd5 Qc7 17. c3 Rac8 18. g3 Qb6 19. Bg2 Ne5 20. Kh1 b4 21. Qb3 Rb8 22. f4 Ng4 23. Rd2 Qc5 24. Rd4 Qa7 25. Rd2 a5 26. h3 a4 27. Qc4 Ne3 28. Qd3 Nxf1 29. Bxf1 bxc3 30. Qxc3 Rfc8 31. Qd3 Rc1 32. Kg2 Rbc8 33. f5 Re1 34. fxg6 hxg6 35. Rf2 Re3 36. Qd5 Rf8 37. h4 Qb6 38. h5 Qc5 39. Qb7 Qe5 40. Rf3 Rxf3 41. Kxf3 Qxh5+ 42. Kg2 Qe5 43. Kf3 f5 44. Bc4+ Kg7 45. exf5 Qxf5+ 46. Ke3 Qf2+ 47. Kd3 Rf3+ 0-1

[Event "HUN-ch U14 Girls"]
[Site "Balatonlelle"]
[Date "2013.06.29"]
[Round "9"]
[White "Simon, Lili"]
[Black "Szakasics, Emese"]
[Result "1-0"]
[WhiteElo "1853"]
[BlackElo "1655"]
[PlyCount "97"]
[EventDate "2013.??.??"]
[EventType "tourn"]
[EventRounds "9"]
[EventCountry "HUN"]
[SourceTitle "EXT 2014"]
[Source "ChessBase"]
[SourceDate "2013.11.20"]
[SourceVersion "1"]
[SourceVersionDate "2013.11.20"]
[SourceQuality "1"]

1. c4 Nf6 2. g3 e6 3. Bg2 d5 4. Nf3 dxc4 5. Qa4+ c6 6. Qxc4 b5 7. Qc2 Bb7 8. d4 Nbd7 9. Nc3 Rc8 10. 0-0 b4 11. Na4 c5 12. Nxc5 Nxc5 13. dxc5 Bxc5 14. Qb3 0-0 15. a3 Qb6 16. axb4 Bxb4 17. Be3 Bc5 18. Qxb6 axb6 19. Bxc5 Rxc5 20. b4 Rc3 21. Rfc1 Rcc8 22. Ne5 Bxg2 23. Kxg2 Nd5 24. b5 Ra8 25. Rxa8 Rxa8 26. e4 Ne7 27. Rc7 Re8 28. Rb7 f6 29. Nc4 Nc8 30. e5 fxe5 31. Nxe5 Re7 32. Rb8 Rc7 33. Nd7 Rxd7 34. Rxc8+ Kf7 35. Rb8 Rd6 36. Kf3 Kf6 37. Ke4 h6 38. f3 g5 39. h3 h5 40. f4 gxf4 41. gxf4 Ke7 42. h4 Kf6 43. Rg8 Rd7 44. Rg5 Rh7 45. Re5 Rh8 46. f5 Re8 47. Kf4 Rb8 48. Rxe6+ Kg7 49. Kg5 1-0

[Event "HUN-chT2 Szechenyi 1213"]
[Site "Hungary"]
[Date "2013.04.21"]
[Round "11.11"]
[White "Szakasics, Emese"]
[Black "Kertesz, Zsolt"]
[Result "1-0"]
[WhiteElo "1597"]
[BlackElo "2051"]
[PlyCount "79"]
[EventDate "2012.09.16"]
[EventType "team-tourn"]
[EventRounds "11"]
[EventCountry "HUN"]
[SourceTitle "EXT 2014"]
[Source "ChessBase"]
[SourceDate "2013.11.20"]
[SourceVersion "1"]
[SourceVersionDate "2013.11.20"]
[SourceQuality "1"]
[WhiteTeam "Haladas III"]
[BlackTeam "Zalaegerszeg Bagi"]
[WhiteTeamCountry "HUN"]
[BlackTeamCountry "HUN"]

1. e4 c5 2. Nf3 d6 3. d4 cxd4 4. Nxd4 Nf6 5. Nc3 e6 6. Be2 Be7 7. Be3 0-0 8. 0-0 Nc6 9. f4 e5 10. Nb3 exf4 11. Rxf4 Ne5 12. Nd5 Nxd5 13. Qxd5 Qc7 14. Nd4 a6 15. Rf2 Rb8 16. Rd1 b5 17. Nf5 Bxf5 18. exf5 Nc4 19. Bd4 Ne5 20. Bd3 Bf6 21. h3 Nxd3 22. Rxd3 Bxd4 23. Qxd4 Rfd8 24. Rg3 f6 25. Qxf6 d5 26. Qe6+ Kh8 27. Rc3 Qb6 28. Rc6 Qd4 29. c3 Qd1+ 30. Rf1 Qd2 31. f6 Qg5 32. f7 h6 33. Rc7 Rf8 34. Re7 Qh5 35. Re1 Kh7 36. Kh2 a5 37. g4 Qg6 38. Qxg6+ Kxg6 39. R1e6+ Kh7 40. Re8 1-0

[Event "HUN-chT U18"]
[Site "Budapest"]
[Date "2012.10.28"]
[Round "3.7"]
[White "Valyi, Blanka Borbala"]
[Black "Szakasics, Emese"]
[Result "1-0"]
[WhiteElo "1756"]
[BlackElo "1597"]
[PlyCount "57"]
[EventDate "2012.10.28"]
[EventType "team-swiss"]
[EventRounds "8"]
[EventCountry "HUN"]
[SourceTitle "EXT 2020"]
[Source "ChessBase"]
[SourceDate "2019.10.17"]
[SourceVersion "1"]
[SourceVersionDate "2019.10.17"]
[SourceQuality "1"]

1. d4 d5 2. Nf3 Nf6 3. g3 Bf5 4. Bg2 h6 5. 0-0 e6 6. c4 c6 7. Nc3 Nbd7 8. b3 Rc8 9. Bb2 Bd6 10. Nd2 0-0 11. e4 dxe4 12. Ndxe4 Nxe4 13. Nxe4 Be7 14. Qe2 Qa5 15. Rfd1 Rfd8 16. Qh5 Qb6 17. d5 cxd5 18. cxd5 Rc2 19. Bd4 Qb4 20. dxe6 Bxe6 21. Qf3 Nb6 22. a3 Qa5 23. Qd3 Rc7 24. b4 Qf5 25. Qe3 Nd5 26. Qe1 Rc2 27. Nc5 Bxc5 28. Bxc5 b6 29. Be4 1-0

[Event "Busevec op U20 Girls 11th"]
[Site "Busevec"]
[Date "2012.05.20"]
[Round "5"]
[White "Rozic, Lucija"]
[Black "Szakasics, Emese"]
[Result "0-1"]
[WhiteElo "1628"]
[BlackElo "1483"]
[PlyCount "98"]
[EventDate "2012.05.19"]
[EventType "swiss (rapid)"]
[EventRounds "6"]
[EventCountry "CRO"]
[SourceTitle "EXT 2013"]
[Source "ChessBase"]
[SourceDate "2012.11.22"]
[SourceVersion "1"]
[SourceVersionDate "2012.11.22"]
[SourceQuality "1"]

1. Nf3 d5 2. c4 c6 3. cxd5 cxd5 4. d4 Nf6 5. Nc3 Nc6 6. e3 Bf5 7. Bd3 Qd7 8. 0-0 Bxd3 9. Qxd3 e6 10. a3 Be7 11. b4 0-0 12. Bb2 Rfd8 13. Rac1 Rac8 14. Qd2 Bd6 15. Qe2 b6 16. Rfd1 Ne7 17. Nd2 Nf5 18. Nb5 Bb8 19. f3 Nxe3 20. Qxe3 Qxb5 21. Nf1 Qa6 22. Rc3 Rxc3 23. Qxc3 Rc8 24. Qd2 Rc4 25. Ne3 Bf4 26. Qd3 Bxe3+ 27. Qxe3 Qa4 28. Rc1 b5 29. Qf4 h6 30. Qe3 Nd7 31. Qd3 Nb6 32. Qe3 Nc8 33. g4 Nd6 34. h4 Qa6 35. h5 Qa4 36. g5 Nf5 37. Qf4 hxg5 38. Qxg5 Rc2 39. Qf4 Qb3 40. Rxc2 Qxc2 41. Bc1 Qd1+ 42. Kg2 Qxd4 43. Qb8+ Kh7 44. Qxb5 Ne3+ 45. Kg3 Nc4 46. Qe8 Qg1+ 47. Kh4 Qxc1 48. Qxf7 Qh1+ 49. Kg4 Ne5+ 0-1

[Event "Busevec op U20 Girls 11th"]
[Site "Busevec"]
[Date "2012.05.20"]
[Round "4"]
[White "Szakasics, Emese"]
[Black "Brigljevic, Iva Mila"]
[Result "1/2-1/2"]
[WhiteElo "1483"]
[BlackElo "1474"]
[PlyCount "93"]
[EventDate "2012.05.19"]
[EventType "swiss (rapid)"]
[EventRounds "6"]
[EventCountry "CRO"]
[SourceTitle "EXT 2013"]
[Source "ChessBase"]
[SourceDate "2012.11.22"]
[SourceVersion "1"]
[SourceVersionDate "2012.11.22"]
[SourceQuality "1"]

1. e4 e6 2. d4 d5 3. Nd2 Nf6 4. e5 Nfd7 5. Ngf3 c5 6. c3 Nc6 7. Be2 Qb6 8. Nf1 cxd4 9. cxd4 Bb4+ 10. N1d2 Nxd4 11. 0-0 Bxd2 12. Nxd4 Bxc1 13. Rxc1 Nxe5 14. Re1 0-0 15. Nb5 Nc6 16. Qd2 Qa5 17. Rc3 a6 18. Nd4 Nxd4 19. Qxd4 Qd8 20. Rec1 Re8 21. f4 Bd7 22. Bf3 Bc6 23. Be2 Qf6 24. Rd1 Qxd4+ 25. Rxd4 Rac8 26. Re3 Bd7 27. Red3 Bb5 28. Rd2 Bxe2 29. Rxe2 Kf8 30. Rdd2 Rc7 31. h3 Rec8 32. f5 Rc6 33. Re5 Rd8 34. b3 Rcd6 35. Rd4 Ke7 36. fxe6 fxe6 37. Kf2 Rf8+ 38. Ke3 Rf5 39. Rxf5 exf5 40. Kf4 Kf6 41. h4 h6 42. h5 Ke6 43. a3 Rc6 44. Rd3 b5 45. g3 a5 46. Re3+ Kf6 47. Re5 1/2-1/2

[Event "Busevec op U20 Girls 11th"]
[Site "Busevec"]
[Date "2012.05.19"]
[Round "3"]
[White "Purgar, Ivona"]
[Black "Szakasics, Emese"]
[Result "1-0"]
[WhiteElo "2145"]
[BlackElo "1483"]
[PlyCount "51"]
[EventDate "2012.05.19"]
[EventType "swiss (rapid)"]
[EventRounds "6"]
[EventCountry "CRO"]
[SourceTitle "EXT 2013"]
[Source "ChessBase"]
[SourceDate "2012.11.22"]
[SourceVersion "1"]
[SourceVersionDate "2012.11.22"]
[SourceQuality "1"]

1. e4 e5 2. Nf3 Nc6 3. Bb5 a6 4. Ba4 Nf6 5. 0-0 b5 6. Bb3 Bc5 7. c3 d6 8. d4 Bb6 9. h3 Bb7 10. Re1 h6 11. a4 0-0 12. axb5 axb5 13. Rxa8 Qxa8 14. d5 Ne7 15. Na3 Qa7 16. Be3 Bxe3 17. Rxe3 Qb6 18. Nh4 c6 19. c4 Rb8 20. dxc6 bxc4 21. Qxd6 Nxc6 22. Nxc4 Qb5 23. Nf5 Re8 24. Nxg7 Nxe4 25. Qxh6 Rd8 26. Nf5 1-0

[Event "HUN-chT U18"]
[Site "Miskolc"]
[Date "2011.11.05"]
[Round "7.5"]
[White "Szakasics, Emese"]
[Black "Pinczker, Oliver"]
[Result "1/2-1/2"]
[WhiteElo "1437"]
[BlackElo "1561"]
[PlyCount "93"]
[EventDate "2011.11.02"]
[EventType "team-swiss"]
[EventRounds "8"]
[EventCountry "HUN"]
[SourceTitle "EXT 2012"]
[Source "ChessBase"]
[SourceDate "2011.11.24"]
[SourceVersion "1"]
[SourceVersionDate "2011.11.24"]
[SourceQuality "1"]
[WhiteTeam "Haladas II"]
[BlackTeam "Delfin"]
[WhiteTeamCountry "HUN"]
[BlackTeamCountry "HUN"]

1. e4 d5 2. exd5 Qxd5 3. Nc3 Qa5 4. d4 c6 5. Nf3 Nf6 6. Bd2 Bf5 7. Bc4 e6 8. 0-0 Bd6 9. Qc1 Qc7 10. h3 Nbd7 11. Re1 0-0 12. Nh4 Bg6 13. Nxg6 hxg6 14. f4 Nb6 15. Bd3 Nbd5 16. Nxd5 Nxd5 17. Rf1 c5 18. c4 Nb6 19. Be3 Rac8 20. b3 cxd4 21. Bxd4 Bc5 22. Qe3 Bxd4 23. Qxd4 Rfd8 24. Qe3 Rd7 25. Bc2 Rcd8 26. Rad1 Kf8 27. Rxd7 Rxd7 28. Rd1 Rxd1+ 29. Bxd1 a6 30. Qd4 Nd7 31. Bf3 b6 32. b4 a5 33. a3 axb4 34. axb4 e5 35. fxe5 Nxe5 36. Bd5 Nc6 37. Bxc6 Qxc6 38. Qd8+ Qe8 39. Qxb6 Qe1+ 40. Kh2 Qe5+ 41. Kh1 Qe1+ 42. Qg1 Qxb4 43. Qd1 Qe7 44. c5 f6 45. c6 Qc7 46. Qd5 Ke7 47. Qb5 1/2-1/2

[Event "HUN-chT U18"]
[Site "Miskolc"]
[Date "2011.11.04"]
[Round "4.5"]
[White "Devald, Tamas"]
[Black "Szakasics, Emese"]
[Result "0-1"]
[WhiteElo "1440"]
[BlackElo "1437"]
[PlyCount "64"]
[EventDate "2011.11.02"]
[EventType "team-swiss"]
[EventRounds "8"]
[EventCountry "HUN"]
[SourceTitle "EXT 2012"]
[Source "ChessBase"]
[SourceDate "2011.11.24"]
[SourceVersion "1"]
[SourceVersionDate "2011.11.24"]
[SourceQuality "1"]
[WhiteTeam "Barcza II"]
[BlackTeam "Haladas II"]
[WhiteTeamCountry "HUN"]
[BlackTeamCountry "HUN"]

1. e4 e5 2. Nc3 Nc6 3. Bc4 Nf6 4. d3 Na5 5. Bb3 Nxb3 6. axb3 d5 7. Bg5 d4 8. Nd5 Be7 9. Nf3 Nxd5 10. exd5 Bxg5 11. 0-0 Bg4 12. Re1 Bf6 13. Re4 Bxf3 14. Qxf3 Qxd5 15. Rae1 0-0 16. Qf5 Qe6 17. Qf3 Qc6 18. Qf5 Qxc2 19. Rg4 Qc6 20. h4 g6 21. h5 Kh8 22. hxg6 fxg6 23. Qe4 Qxe4 24. Rexe4 c5 25. Rg3 b5 26. Rh3 Kg7 27. Rh2 Rac8 28. Rg4 Rfe8 29. Rg3 e4 30. Rgh3 h5 31. dxe4 Rxe4 32. Rd3 Re1# 0-1

[Event "HUN-chT U18"]
[Site "Miskolc"]
[Date "2011.11.02"]
[Round "1.5"]
[White "Szakasics, Emese"]
[Black "Bohus, Adam"]
[Result "0-1"]
[WhiteElo "1437"]
[BlackElo "1652"]
[PlyCount "60"]
[EventDate "2011.11.02"]
[EventType "team-swiss"]
[EventRounds "8"]
[EventCountry "HUN"]
[SourceTitle "EXT 2012"]
[Source "ChessBase"]
[SourceDate "2011.11.24"]
[SourceVersion "1"]
[SourceVersionDate "2011.11.24"]
[SourceQuality "1"]
[WhiteTeam "Haladas II"]
[BlackTeam "Geniusz Tata"]
[WhiteTeamCountry "HUN"]
[BlackTeamCountry "HUN"]

1. e4 c5 2. Nf3 Nc6 3. d4 cxd4 4. Nxd4 Nf6 5. Nc3 e5 6. Ndb5 d6 7. Bg5 a6 8. Na3 b5 9. Nd5 Be7 10. Bxf6 Bxf6 11. c3 0-0 12. Qf3 Bg5 13. g3 Be6 14. Rd1 Ne7 15. h4 Bh6 16. Bg2 Nxd5 17. exd5 Bd7 18. 0-0 f5 19. Qh5 Be8 20. Qe2 f4 21. Qg4 Bd7 22. Qh5 Qc8 23. Qe2 Bg4 24. f3 Qc5+ 25. Kh1 Bd7 26. g4 g6 27. Qe4 Bg7 28. Rg1 Qf2 29. Qe1 Qxb2 30. Nb1 Qxa2 0-1

[Event "HUN-ch U12 Girls"]
[Site "Celldoemoelk"]
[Date "2011.06.29"]
[Round "3"]
[White "Szakasics, Emese"]
[Black "Koltai, Anna"]
[Result "1-0"]
[WhiteElo "1404"]
[BlackElo "1651"]
[PlyCount "89"]
[EventDate "2011.06.27"]
[EventType "tourn"]
[EventRounds "7"]
[EventCountry "HUN"]
[SourceTitle "EXT 2012"]
[Source "ChessBase"]
[SourceDate "2011.11.24"]
[SourceVersion "1"]
[SourceVersionDate "2011.11.24"]
[SourceQuality "1"]

1. e4 c5 2. c3 d5 3. exd5 Qxd5 4. d4 e6 5. Nf3 a6 6. Be3 cxd4 7. cxd4 Nf6 8. Nc3 Qd6 9. a3 Qc7 10. Ne5 Nc6 11. Qa4 Rb8 12. Rc1 Bd6 13. f4 0-0 14. Qc4 Bxe5 15. dxe5 Nd7 16. Ne4 Nb6 17. Qc2 Nd7 18. b4 f6 19. exf6 gxf6 20. Bxa6 bxa6 21. Qxc6 Qxc6 22. Rxc6 e5 23. Nd6 Rd8 24. 0-0 Kg7 25. Rfc1 Bb7 26. Nxb7 Rxb7 27. Rxa6 Kg6 28. Rcc6 Kg7 29. Rd6 exf4 30. Bxf4 Re8 31. Re6 Rc8 32. Rad6 Kf7 33. Rc6 Ra8 34. Bc1 Rd8 35. Bb2 f5 36. Rh6 Kg8 37. Rcd6 Re8 38. Rde6 Rc8 39. Re7 Rc2 40. Rhxh7 Rxb2 41. Rxd7 Rxd7 42. Rxd7 Rb1+ 43. Kf2 Rb2+ 44. Ke3 Rxg2 45. Rd2 1-0

[Event "HUN-ch U12 Girls"]
[Site "Celldoemoelk"]
[Date "2011.06.27"]
[Round "1"]
[White "Adzic, Anna"]
[Black "Szakasics, Emese"]
[Result "0-1"]
[WhiteElo "1531"]
[BlackElo "1404"]
[PlyCount "74"]
[EventDate "2011.06.27"]
[EventType "tourn"]
[EventRounds "7"]
[EventCountry "HUN"]
[SourceTitle "EXT 2012"]
[Source "ChessBase"]
[SourceDate "2011.11.24"]
[SourceVersion "1"]
[SourceVersionDate "2011.11.24"]
[SourceQuality "1"]

1. e4 c6 2. d4 d5 3. e5 Bf5 4. Bd3 Bxd3 5. Qxd3 e6 6. f4 Qb6 7. Nf3 c5 8. c3 Nc6 9. 0-0 Nh6 10. b3 Rc8 11. Na3 a6 12. Nc2 cxd4 13. cxd4 Nb4 14. Nxb4 Bxb4 15. Bd2 Ba3 16. Bc1 Qa5 17. Bxa3 Qxa3 18. Qd2 Nf5 19. g4 Ne7 20. Rac1 h5 21. h3 Nc6 22. Rf2 hxg4 23. hxg4 Rh3 24. Kg2 Rh6 25. Qb2 Qe7 26. Rfc2 f6 27. b4 Rd8 28. b5 Nb4 29. Rc7 Rd7 30. Rxd7 Kxd7 31. Rb1 a5 32. Ra1 Nd3 33. Qd2 Qa3 34. Qe3 Qb2+ 35. Qd2 Nxf4+ 36. Kg3 Qxa1 37. Kxf4 Qb1 0-1